Missing Word: Disney Songs (A-Z) Quiz Stats

 Plays Quiz Updated Sep 13, 2019

Score 0/24 Timer 02:00
0 Plays Today
Song Missing Word % Correct
I Just _____ Wait to Be KingCan't
98.3%
The _____ NecessitiesBare
96.8%
Let _____ GoIt
95.6%
Down in _____ OrleansNew
94.4%
Mother _____ BestKnows
94.4%
Just _____ the RiverbendAround
91.4%
Be Our _____Guest
90.4%
_____ the SeaUnder
89.2%
A Girl Worth _____ ForFighting
89%
Cruella De _____Vil
89%
A Dream Is a Wish Your Heart _____Makes
87.2%
Someday My _____ Will ComePrince
87%
Song Missing Word % Correct
Strangers _____ MeLike
85%
Once Upon a _____Dream
83.4%
_____ TurvyTopsy
81.2%
_____ to HeroZero
79.9%
One _____ AheadJump
79.1%
When You Wish Upon a _____Star
79%
_____ WelcomeYou're
78.6%
Pink _____ on ParadeElephants
68.2%
Little Patch of _____Heaven
58%
Thomas _____ CatO'Malley
45.9%
Painting the _____ RedRoses
40.2%
Heffalumps and _____ Woozles
29.5%

Today's Daily Dose

Missing Word
1940s A-Z

Quick Pick
'S' Athletes

Get the Picture
Depp or Bonham Carter

You're not logged in!

Compare scores with friends on all Sporcle quizzes.
OR
Log In

Sporcle TV

Today on Sporcle TV


Watch our educational content, quiz creation guides, and fun videos on Sporcle TV.

Show Comments

Extras

Top Quizzes Today


Score Distribution

Your Account Isn't Verified!

In order to create a playlist on Sporcle, you need to verify the email address you used during registration. Go to your Sporcle Settings to finish the process.

Report this User

Report this user for behavior that violates our Community Guidelines.

Details: